Computer models in environmental planning (Record no. 79663)

MARC details
000 -LEADER
fixed length control field 01044nam a2200217 a 4500
008 - FIXED-LENGTH DATA ELEMENTS--GENERAL INFORMATION
fixed length control field 120416s1985 ||||||||||||||||| || u
020 ## - INTERNATIONAL STANDARD BOOK NUMBER
International Standard Book Number 0442229747
050 ## - LIBRARY OF CONGRESS CALL NUMBER
Classification number HC 79.E5 Gor
100 ## - MAIN ENTRY--PERSONAL NAME
Personal name Gordon, Steven I
245 10 - TITLE STATEMENT
Title Computer models in environmental planning
260 ## - PUBLICATION, DISTRIBUTION, ETC.
Place of publication, distribution, etc. New York:
Name of publisher, distributor, etc. Van Nostrand Reinhold
Date of publication, distribution, etc. 1985
300 ## - PHYSICAL DESCRIPTION
Extent Xii, 222p. : ill.
350 ## -
-- 0.00
650 ## - SUBJECT ADDED ENTRY--TOPICAL TERM
Topical term or geographic name entry element ENVIRONMENTAL POLICY--MATHEMATICAL MODELS
650 ## - SUBJECT ADDED ENTRY--TOPICAL TERM
Topical term or geographic name entry element ENVIRONMENT
650 ## - SUBJECT ADDED ENTRY--TOPICAL TERM
Topical term or geographic name entry element ENVIRONMENTAL PLANNING--COMPUTERS
650 ## - SUBJECT ADDED ENTRY--TOPICAL TERM
Topical term or geographic name entry element ENVIRONMENTAL POLICY--DATA PROCESSING
995 ## -
-- ANNEX COLLECTION (Main Library)
-- 0.00
-- 002664
-- CBU-MAIN LIBRARY (Kitwe)
-- 3
-- 29.50
-- HC 79.E5 Gor
-- 3
-- AVAILABLE
-- 002664
-- Annex Low-Usage Collection
995 ## -
-- ANNEX COLLECTION (Main Library)
-- 0.00
-- 002078
-- CBU-MAIN LIBRARY (Kitwe)
-- 2
-- 29.50
-- HC 79.E5 Gor
-- 2
-- AVAILABLE
-- 002078
-- Annex Low-Usage Collection
995 ## -
-- ANNEX COLLECTION (Main Library)
-- 0.00
-- 002670
-- CBU-MAIN LIBRARY (Kitwe)
-- 1
-- 29.50
-- HC 79.E5 Gor
-- 1
-- AVAILABLE
-- 002670
-- Annex Low-Usage Collection
999 ## -
-- 79663
-- 79663
Holdings
Withdrawn status Lost status Source of classification or shelving scheme Damaged status Not for loan Permanent Location Current Location Date acquired Full call number Barcode Date last seen Copy number Price effective from Koha item type Shelving location Total Checkouts
Withdrawn         CBU-MAIN LIBRARY, KITWE. CBU-MAIN LIBRARY, KITWE. 06/29/2023 HC 79.E5 Gor 002664 06/29/2023 1 06/29/2023 MONOGRAPH    
          CBU-MAIN LIBRARY, KITWE. CBU-MAIN LIBRARY, KITWE. 06/29/2023 HC 79.E5 Gor 002078 06/29/2023 2 06/29/2023 MONOGRAPH    
          CBU-MAIN LIBRARY, KITWE. CBU-MAIN LIBRARY, KITWE. 06/29/2023 HC 79.E5 Gor 002670 06/29/2023 3 06/29/2023 MONOGRAPH